000 01002nam a22001937a 4500
999 _c62009
_d62009
003 Ge_BSU
005 20240621103442.0
008 240621s1991 ge ||||| |||| 00| 0 geo d
041 _ageo
080 _a615.4(479.22) ს-20
100 _aსალუქვაძე, სოკრატ
_922527
245 _aძველი ქართული კარაბადინების სახელმწიფო-იურიდიული ასპექტების საკითხებისათვის /
_c სოკრატ სალუქვაძე.
264 _aბათუმი :
_b თამარიანი,
_c1991.
300 _a80 გვ. ;
_b20 სმ.
653 _aქართული კარაბადინი
653 _aქართული მედიცინის ისტორია
653 _aწამალთმცოდნეობის ისტორია საქართველოში
942 _2udc
_cᲬᲘᲒᲜᲘ